header

Growth and convergence in metropolitan America (Record no. 8690)

MARC details
000 -LEADER
fixed length control field 01775nam a22003734a 4500
001 - CONTROL NUMBER
control field ebr10026239
003 - CONTROL NUMBER IDENTIFIER
control field CaPaEBR
006 - FIXED-LENGTH DATA ELEMENTS--ADDITIONAL MATERIAL CHARACTERISTICS--GENERAL INFORMATION
fixed length control field m u
007 - PHYSICAL DESCRIPTION FIXED FIELD--GENERAL INFORMATION
fixed length control field cr cn|||||||||
008 - FIXED-LENGTH DATA ELEMENTS--GENERAL INFORMATION
fixed length control field 011026s2002 dcuabf sb 001 0 eng
010 ## - LIBRARY OF CONGRESS CONTROL NUMBER
Canceled/invalid LC control number 2001006592
020 ## - INTERNATIONAL STANDARD BOOK NUMBER
Cancelled/invalid ISBN 0815702477 (pbk. : alk. paper)
040 ## - CATALOGING SOURCE
Original cataloging agency CaPaEBR
Transcribing agency CaPaEBR
035 ## - SYSTEM CONTROL NUMBER
System control number (OCoLC)614715509
050 14 - LIBRARY OF CONGRESS CALL NUMBER
Classification number HB3505
Item number .P33 2002eb
082 04 - DEWEY DECIMAL CLASSIFICATION NUMBER
Classification number 330.973/009173/2
Edition number 21
100 1# - MAIN ENTRY--PERSONAL NAME
Personal name Pack, Janet Rothenberg.
245 10 - TITLE STATEMENT
Title Growth and convergence in metropolitan America
Medium [electronic resource] /
Statement of responsibility, etc Janet Rothenberg Pack.
260 ## - PUBLICATION, DISTRIBUTION, ETC. (IMPRINT)
Place of publication, distribution, etc Washington, D.C. :
Name of publisher, distributor, etc Brookings Institution Press,
Date of publication, distribution, etc c2002.
300 ## - PHYSICAL DESCRIPTION
Extent xvii, 214 p., [24] p. of plates :
Other physical details ill. (some col.), col. maps.
490 1# - SERIES STATEMENT
Series statement Brookings metro series
504 ## - BIBLIOGRAPHY, ETC. NOTE
Bibliography, etc Includes bibliographical references (p. 197-203) and indexes.
505 0# - FORMATTED CONTENTS NOTE
Formatted contents note Major shifts in population and economic activity -- Interregional differences : characteristics and explanations -- Socioeconomic characteristics and growth -- Estimating growth -- Behind the growth equations -- Regional policy.
533 ## - REPRODUCTION NOTE
Type of reproduction Electronic reproduction.
Place of reproduction Palo Alto, Calif. :
Agency responsible for reproduction ebrary,
Date of reproduction 2013.
Note about reproduction Available via World Wide Web.
-- Access may be limited to ebrary affiliated libraries.
650 #0 - SUBJECT ADDED ENTRY--TOPICAL TERM
Topical term or geographic name as entry element Regional disparities
Geographic subdivision United States.
Topical term or geographic name as entry element Metropolitan areas
General subdivision Economic aspects.
Topical term or geographic name as entry element Cities and towns
Geographic subdivision United States
General subdivision Growth.
651 #0 - SUBJECT ADDED ENTRY--GEOGRAPHIC NAME
Geographic name United States
General subdivision Population
-- Economic aspects.
Geographic name United States
General subdivision Economic policy.
655 #7 - INDEX TERM--GENRE/FORM
Genre/form data or focus term Electronic books.
Source of term local
710 2# - ADDED ENTRY--CORPORATE NAME
Corporate name or jurisdiction name as entry element ebrary, Inc.
830 #0 - SERIES ADDED ENTRY--UNIFORM TITLE
Uniform title Brookings metro series.
856 40 - ELECTRONIC LOCATION AND ACCESS
Uniform Resource Identifier <a href="http://site.ebrary.com/lib/rucke/Doc?id=10026239">http://site.ebrary.com/lib/rucke/Doc?id=10026239</a>
Public note An electronic book accessible through the World Wide Web; click to view

No items available.

© 2026 Rongo University
Contact us: librarian | system librarian | Rongo university